00525nam a22001577a 4500003000400000082001600004100003100020245010400051260003500155300000700190650001600197653000800213942001200221952011700233999001700350SGT a617.3bE23P aPADHIYAR, MAHIPAL AJITSINH aEvaluation of CT based 3D printing in pre-operative planning of displaced intra articular fractures aGURUGRAMbSGT UNIVERSITYc2023 a70 aORTHOPAEDIC aM.S 2ddccTH 00102ddc4051718MEDICALaFMbFMcREFd2024-06-25l0o617.3 E23PpDT1750r2024-06-25 00:00:00w2024-06-25yTH c26532d26532